000 01040cam a2200277 4500
008 040922n2003 000 0 eng u
020 _a0335209033
035 _a(Sirsi) u127484
041 _aeng
050 _a001.43
_c18
100 _aBlaxter, Loraine
245 _aHow to research
250 _a2nd ed.
260 _aMaidenhead
_bOpen University Press
_c2003
300 _axiii, 286p.
_c23cm.
350 _a17.99
520 _aExamines the practice and experience of doing research in the social sciences and related subjects. Contains sections on choosing the appropriate method, internet research, and searching the Internet. Whilst aimed at undergraduate and postgraduate students, is also of use to those carrying out research as part of a workplace assignment.
650 _aRESEARCH METHODOLOGY
650 _aRESEARCH METHODS
650 _aRESEARCH PROJECT
650 _aRESEARCH REPORTS
690 _aCAREERS, EDUCATION AND TRAINING
700 _aHughes, Christina
700 _aTight, Malcolm
942 _n0
999 _c103796
_d103796